Penggunaan kaedah pengajaran bahasa Arab dalam kalangan guru peringkat sekolah rendah : satu penilaian /
Saved in:
| Main Author: | |
|---|---|
| Format: | Thesis Book |
| Language: | Malay |
| Published: |
2012.
|
| Subjects: | |
| Online Access: | http://studentsrepo.um.edu.my/id/eprint/5650 |
| Tags: |
Add Tag
No Tags, Be the first to tag this record!
|
| LEADER | 01559cam a2200325 a 4500 | ||
|---|---|---|---|
| 001 | u885281 | ||
| 003 | SIRSI | ||
| 005 | 201307301003 | ||
| 008 | 130730s2012 my a t 000 0 may m | ||
| 040 | |a UMM |d UMB |d AUM |e rda | ||
| 043 | |a a-my--- | ||
| 090 | |a P121 |b UMP 2012 Norm | ||
| 093 | |a P121 |b UMP 2012 Norm | ||
| 100 | 0 | |a Normazidah Mahmood. | |
| 245 | 1 | 0 | |a Penggunaan kaedah pengajaran bahasa Arab dalam kalangan guru peringkat sekolah rendah : |b satu penilaian / |c Normazidah bt Mahmood. |
| 260 | |c 2012. | ||
| 300 | |a xxi, 339 leaves : |b ill. ; |c 30 cm. | ||
| 502 | |a Thesis (Ph.D) -- Jabatan Bahasa Arab dan Bahasa-bahasa Timur Tengah, Fakulti Bahasa dan Linguistik, Universiti Malaya, 2012. | ||
| 504 | |a Bibliography: leaves 283-300. | ||
| 530 | |a Also issued in CD. | ||
| 650 | 0 | |a Arabic language |x Study and teaching (Primary) |z Malaysia |x Methodology. | |
| 650 | 0 | |a Arabic language |x Study and teaching (Primary) |z Malaysia |x Evaluation. | |
| 650 | 0 | |a Arabic language |x Study and teaching (Primary) |x Aids and devices. | |
| 710 | 2 | |a Universiti Malaya. |b Jabatan Bahasa Arab dan Bahasa-bahasa Timur Tengah. | |
| 856 | 4 | 1 | |u http://studentsrepo.um.edu.my/id/eprint/5650 |
| 900 | |a AT-ZA | ||
| 596 | |a 1 6 25 | ||
| 999 | |a P121 UMP 2012 NORM |w LC |c 1 |i A515669841 |d 27/9/2019 |e 27/9/2019 |f 16/4/2014 |g 1 |l STACKS |m P01UTAMA |n 28 |r Y |s Y |t TESIS |u 14/4/2014 | ||
| 999 | |a P121 UMP 2012 NORM |w LC |c 1 |i A515669665 |d 20/5/2014 |f 20/5/2014 |g 2 |l STACKS |m P06BAHASA |r Y |s Y |t TESIS |u 20/5/2014 | ||
| 999 | |a P121 UMP 2012 NORM |w LC |c 1 |i A516817008 |l STACKS |m P25UMARCHI |r Y |s Y |t CD |u 24/10/2017 |1 AHSS | ||
